Análisis del comportamiento del Parque Eólico Tejona ante fallas eléctricas en la red

Gespeichert in:
Bibliographische Detailangaben
1. Verfasser: Umaña Angulo, Julio
Format: Buch
Veröffentlicht: [San José, Costa Rica] 2010
Schlagworte:
Tags: Tag hinzufügen
Keine Tags, Fügen Sie den ersten Tag hinzu!

MARC

LEADER 00000nam a2200000Ia 4500
003 010484
005 20221231144028.0
008 140114s2010 cr a 000 | s d
040 |c cru CEDI  
090 |a TFG 6367 
100 |a Umaña Angulo, Julio   |9 2556 
245 |a  Análisis del comportamiento del Parque Eólico Tejona ante fallas eléctricas en la red 
260 |c 2010  |b [San José, Costa Rica] 
500 |a Tesis (licenciatura en ingeniería eléctrica)--Universidad de Costa Rica. Facultad de Ingeniería. Escuela de Ingeniería Eléctrica 
650 |x ENERGIA EOLICA   |x INSTITUTO COSTARRICENSE DE ELECTRICIDAD. PARQUE EÓLICO TEJONA  |x CORTOCIRCUITOS   |x PROCESAMIENTO DE DATOS )  |x DISTRIBUCION DE ENERGIA ELECTRICA   |9 2557 
942 |c TFG 
999 |c 15830  |d 15830